Geography Quiz

Random Geography or State Quiz
Score 0/50 Timer 05:00
9 Plays Today
% Correct
Texas
86.5%
Florida
86.4%
Alaska
86.4%
California
86.3%
Hawaii
86.2%
Washington
85.9%
Maine
85.6%
Nevada
85.4%
Oregon
85%
New Mexico
85%
North Dakota
84.9%
South Dakota
84.6%
New York
84.6%
Idaho
84.6%
Montana
84.5%
Michigan
84.5%
Georgia
84.5%
Arizona
84.1%
South Carolina
84.1%
North Carolina
84.1%
Louisiana
84%
Tennessee
83.9%
Oklahoma
83.7%
Alabama
83.3%
Virginia
83.2%
% Correct
Utah
82.9%
Pennsylvania
82.8%
Kentucky
82.5%
Colorado
82.3%
West Virginia
82.3%
Illinois
82.2%
Ohio
82.2%
Vermont
81.9%
Mississippi
81.8%
Wisconsin
81.5%
Indiana
81.3%
Minnesota
81%
New Hampshire
80.7%
Kansas
79.9%
Wyoming
79.8%
Nebraska
79%
Maryland
79%
Arkansas
78.9%
Iowa
78.3%
New Jersey
77.6%
Missouri
77.5%
Rhode Island
75.9%
Delaware
74.8%
Massachusetts
74.1%
Connecticut
73%
Remove Ads.
Support Sporcle.
Get the best of Sporcle when you Go Orange. This ad-free experience offers more features, more stats, and more fun while also helping to support Sporcle. Thank you for becoming a member.

You're not logged in!

Compare scores with friends on all Sporcle quizzes.
OR
Log In

Show Comments

Extras

Top Quizzes Today


Score Distribution

Your Account Isn't Verified!

In order to create a playlist on Sporcle, you need to verify the email address you used during registration. Go to your Sporcle Settings to finish the process.

Report this User

Report this user for behavior that violates our Community Guidelines.

Details: